20 największych państw świata - Statystyki

Ogólne statystyki
  • Ten quiz został rozwiązany 139 razy
  • Średni wynik to 16 z 20
Odpowiedzi na mapie
Odpowiedzi zakodowano w zielono-czerwonej skali na mapie do tego quizu, zgodnie z poniższymi procentami.
 
Statystyki odpowiedzi
Odpowiedź % Poprawnych
Australia
88%
Chiny
85%
Meksyk
85%
Rosja
85%
Stany Zjednoczone
85%
Argentyna
84%
Brazylia
84%
Indie
84%
Kazachstan
84%
Arabia Saudyjska
83%
Indonezja
83%
Kanada
83%
Demokratyczna Republika Konga
81%
Iran
81%
Peru
81%
Mongolia
80%
Libia
76%
Sudan
76%
Algieria
75%
Czad
69%
Nie znaleziono quizów pasujących do podanych kryteriów
Rozkład punktacji
Procent ludzi z każdym wynikiem
Percentyl według liczby udzielonych odpowiedzi
Twoja historia wyników
Nie rozwiązałeś tego quizu